[Event "Porto San Giorgio op 23rd"]
[Site "Porto San Giorgio"]
[Date "2011.08.28"]
[Round "9"]
[White "Di Martino, Antonio"]
[Black "Bonghi, Alessandro"]
[Result "0-1"]
[WhiteElo "1841"]
[BlackElo "1939"]
[PlyCount "85"]
[EventDate "2011.08.21"]
[EventType "swiss"]
[EventRounds "9"]
[EventCountry "ITA"]
[SourceTitle "CBM 144 Extra"]
[Source "ChessBase"]
[SourceDate "2011.10.28"]
[SourceVersion "1"]
[SourceVersionDate "2011.10.28"]
[SourceQuality "1"]

1. e4 c5 2. Nf3 Nc6 3. d4 cxd4 4. Nxd4 e6 5. Nb5 d6 6. c4 a6 7. N5c3 Be7 8. Bd3 Nf6 9. 0-0 0-0 10. Be3 Ne5 11. Be2 Bd7 12. Nd2 Bc6 13. f4 Ng6 14. Qe1 d5 15. e5 d4 16. exf6 Bxf6 17. Nde4 dxe3 18. Rd1 Bd4 19. b3 Qb6 20. Kh1 Rad8 21. f5 exf5 22. Rxf5 Qb4 23. Nd5 Qxe1+ 24. Rxe1 Rfe8 25. Nec3 Re5 26. Rxe5 Bxe5 27. Rd1 Re8 28. Rd3 Bf4 29. g3 Bh6 30. Kg1 f5 31. Nd1 f4 32. gxf4 Nxf4 33. Nxf4 Bxf4 34. h3 g6 35. Nc3 Kf7 36. Nd5 Bg5 37. Kf1 Bd7 38. Kg2 Bf5 39. Rc3 Be4+ 40. Kg1 Bf5 41. Kg2 Re4 42. Kg3 Rh4 43. Bf1 0-1

[Event "Porto San Giorgio op 23rd"]
[Site "Porto San Giorgio"]
[Date "2011.08.22"]
[Round "2"]
[White "Di Martino, Antonio"]
[Black "Ottaviani, Gianluca"]
[Result "0-1"]
[WhiteElo "1841"]
[BlackElo "1949"]
[PlyCount "90"]
[EventDate "2011.08.21"]
[EventType "swiss"]
[EventRounds "9"]
[EventCountry "ITA"]
[SourceTitle "CBM 144 Extra"]
[Source "ChessBase"]
[SourceDate "2011.10.28"]
[SourceVersion "1"]
[SourceVersionDate "2011.10.28"]
[SourceQuality "1"]

1. e4 e5 2. Nf3 Nc6 3. Bb5 Nf6 4. 0-0 Nxe4 5. d4 Nd6 6. Bxc6 dxc6 7. dxe5 Nf5 8. Qxd8+ Kxd8 9. Bg5+ Ne7 10. Nbd2 h6 11. Bf4 Ng6 12. Bg3 Be7 13. Rad1 Ke8 14. Rfe1 c5 15. Ne4 Be6 16. b3 Rd8 17. c4 Bg4 18. Nc3 Nf8 19. Nd5 Ne6 20. Re3 c6 21. Nc3 Nd4 22. Red3 h5 23. Kf1 g5 24. h3 Bf5 25. Re3 Nc2 26. Rxd8+ Kxd8 27. Re2 Bd3 28. Ne1 Bxe2+ 29. Kxe2 Nxe1 30. Kxe1 Kd7 31. Ne4 Ke6 32. Ke2 Rd8 33. Nd6 Bxd6 34. exd6 f5 35. f4 g4 36. hxg4 hxg4 37. Bh4 Rxd6 38. Bf2 b6 39. Be1 Rd4 40. g3 Re4+ 41. Kd2 b5 42. cxb5 cxb5 43. Bf2 Kd5 44. Bg1 a5 45. Bf2 a4 0-1

[Event "Porto San Giorgio op 23rd"]
[Site "Porto San Giorgio"]
[Date "2011.08.21"]
[Round "1"]
[White "Arnetta, Maria Teresa"]
[Black "Di Martino, Antonio"]
[Result "1-0"]
[WhiteElo "2069"]
[BlackElo "1841"]
[PlyCount "77"]
[EventDate "2011.08.21"]
[EventType "swiss"]
[EventRounds "9"]
[EventCountry "ITA"]
[SourceTitle "CBM 144 Extra"]
[Source "ChessBase"]
[SourceDate "2011.10.28"]
[SourceVersion "1"]
[SourceVersionDate "2011.10.28"]
[SourceQuality "1"]

1. e4 e6 2. d4 d5 3. e5 c5 4. Nf3 Nc6 5. Bd3 cxd4 6. 0-0 Nge7 7. Bf4 Ng6 8. Bg3 Bc5 9. Nbd2 Bd7 10. Nb3 Bb6 11. h4 0-0 12. h5 Nge7 13. a3 f6 14. h6 g6 15. exf6 Rxf6 16. Bh4 Rf8 17. Qe2 Qe8 18. Ne5 Nf5 19. Bg5 Nxe5 20. Qxe5 Qf7 21. Nd2 Rac8 22. Nf3 Bd8 23. Bxf5 gxf5 24. Bxd8 Rcxd8 25. Qxd4 b6 26. Rfe1 Qf6 27. Qf4 Bc8 28. Nd4 Rde8 29. Re5 Kh8 30. Rae1 Rg8 31. f3 Rg6 32. Rxf5 exf5 33. Rxe8+ Rg8 34. Rxg8+ Kxg8 35. c3 Qf8 36. Qc7 a5 37. Qxb6 Qe8 38. Kf2 f4 39. Ne2 1-0

[Event "Abruzzo Region-ch"]
[Site "Teramo"]
[Date "2011.05.22"]
[Round "3"]
[White "Spada, Angelo"]
[Black "Di Martino, Antonio"]
[Result "1-0"]
[WhiteElo "2003"]
[BlackElo "1867"]
[PlyCount "53"]
[EventDate "2011.05.21"]
[EventType "swiss"]
[EventRounds "6"]
[EventCountry "ITA"]
[SourceTitle "EXT 2024"]
[Source "ChessBase"]
[SourceDate "2023.10.10"]
[SourceVersion "1"]
[SourceVersionDate "2023.10.10"]
[SourceQuality "1"]

1. e4 e6 2. d3 d5 3. Nd2 c5 4. Ngf3 Nc6 5. g3 Bd6 6. Bg2 Nge7 7. 0-0 0-0 8. Re1 Ng6 9. Nf1 d4 10. h4 f5 11. Ng5 Qf6 12. h5 Nge5 13. f4 Ng4 14. e5 Ncxe5 15. fxe5 Bxe5 16. Qe2 Bc7 17. Nxe6 Re8 18. Bd5 Kh8 19. Bg5 Rxe6 20. Bxe6 Qxg5 21. Bxc8 Ne5 22. Bxb7 Rf8 23. Bg2 h6 24. Bf3 f4 25. Qg2 Bd6 26. g4 g6 27. Nd2 1-0

[Event "Offida Winter op 8th"]
[Site "Offida"]
[Date "2010.12.08"]
[Round "3"]
[White "Gregori, Giacomo"]
[Black "Di Martino, Antonio"]
[Result "1-0"]
[WhiteElo "1902"]
[BlackElo "1890"]
[PlyCount "109"]
[EventDate "2010.12.05"]
[EventType "swiss"]
[EventRounds "6"]
[EventCountry "ITA"]
[SourceTitle "EXT 2024"]
[Source "ChessBase"]
[SourceDate "2023.10.10"]
[SourceVersion "1"]
[SourceVersionDate "2023.10.10"]
[SourceQuality "1"]

1. d4 d5 2. Nf3 Nf6 3. c4 e6 4. Nc3 Be7 5. Bg5 0-0 6. e3 Nbd7 7. Qc2 h6 8. Bh4 c5 9. cxd5 cxd4 10. Nxd4 Nxd5 11. Bxe7 Qxe7 12. Nxd5 exd5 13. Bd3 Ne5 14. 0-0 Be6 15. Rac1 Rac8 16. Qd2 Nc6 17. Bb1 Nxd4 18. Qxd4 b6 19. Bd3 Rc5 20. b4 Rc7 21. Ba6 Bc8 22. Rxc7 Qxc7 23. Bxc8 Rxc8 24. Qxd5 Rd8 25. Qb3 Rd2 26. Rd1 Qc2 27. Rxd2 Qxd2 28. g3 Kf8 29. Qc4 Qd7 30. Kg2 Ke7 31. b5 Qe6 32. Qb4+ Qd6 33. Qe4+ Qe6 34. Kf3 Kd6 35. Qc6+ Ke5 36. Qxe6+ fxe6 37. Ke2 Kd5 38. Kd3 Kc5 39. a4 Kb4 40. e4 Kxa4 41. Kc4 Ka5 42. f4 a6 43. bxa6 b5+ 44. Kc5 Kxa6 45. Kb4 Kb6 46. g4 g6 47. h4 Kc6 48. g5 hxg5 49. hxg5 Kd6 50. Kxb5 e5 51. f5 gxf5 52. exf5 e4 53. Kc4 Ke5 54. f6 Kf5 55. f7 1-0

[Event "Teramo Province-ch"]
[Site "Teramo"]
[Date "2010.01.24"]
[Round "3"]
[White "Procaccini, Luciano"]
[Black "Di Martino, Antonio"]
[Result "1-0"]
[WhiteElo "1637"]
[BlackElo "1886"]
[PlyCount "95"]
[EventDate "2010.01.23"]
[EventType "swiss"]
[EventRounds "5"]
[EventCountry "ITA"]
[SourceTitle "EXT 2024"]
[Source "ChessBase"]
[SourceDate "2023.10.10"]
[SourceVersion "1"]
[SourceVersionDate "2023.10.10"]
[SourceQuality "1"]

1. Nf3 d5 2. b3 Nf6 3. Bb2 e6 4. e3 c5 5. d4 Nc6 6. Be2 Be7 7. 0-0 0-0 8. Nbd2 Bd7 9. Ne5 cxd4 10. exd4 Rc8 11. Ndf3 Ne4 12. Nxd7 Qxd7 13. Ne5 Qc7 14. Bd3 Nb4 15. Bxe4 dxe4 16. c3 Nc6 17. Nxc6 Qxc6 18. Qd2 f5 19. f3 exf3 20. Rxf3 Rf6 21. c4 Rg6 22. Rd1 Rd8 23. Rd3 Re8 24. Qf2 Qc7 25. Bc1 Bd6 26. Rh3 b6 27. Qh4 h6 28. Rf3 Qc6 29. Qf2 Qc7 30. Bf4 Rg4 31. Bxd6 Qxd6 32. g3 Rd8 33. d5 f4 34. Rxf4 Qxf4 35. Qxf4 Rxf4 36. gxf4 exd5 37. Rxd5 Rxd5 38. cxd5 Kf7 39. Kf2 Ke7 40. Ke3 Kd6 41. Ke4 g6 42. h4 a6 43. a3 a5 44. b4 a4 45. Kd4 Kd7 46. Ke5 Ke7 47. d6+ Kd7 48. Kd5 1-0

[Event "Pescara op 10th"]
[Site "Pescara"]
[Date "2007.11.16"]
[Round "1"]
[White "Ljubisavljevic, Zivojin Z"]
[Black "Di Martino, Antonio"]
[Result "1-0"]
[WhiteElo "2319"]
[BlackElo "1899"]
[PlyCount "99"]
[EventDate "2007.11.16"]
[EventType "swiss"]
[EventRounds "5"]
[EventCountry "ITA"]
[SourceTitle "EXT 2010"]
[Source "ChessBase"]
[SourceDate "2010.11.25"]
[SourceVersion "1"]
[SourceVersionDate "2010.11.25"]
[SourceQuality "1"]

1. d4 d5 2. c3 Nf6 3. Bg5 e6 4. Nd2 Be7 5. e3 0-0 6. Bd3 Nbd7 7. f4 h6 8. h4 c5 9. Bxf6 Nxf6 10. g4 cxd4 11. cxd4 e5 12. g5 Ng4 13. fxe5 Nxe3 14. Qf3 Ng4 15. Ne2 h5 16. 0-0-0 Be6 17. Kb1 Rc8 18. Rc1 Qd7 19. Rxc8 Rxc8 20. Nb3 b6 21. Nf4 Bf5 22. Rc1 Bxd3+ 23. Qxd3 Rxc1+ 24. Nxc1 g6 25. e6 Qe8 26. exf7+ Qxf7 27. Qxg6+ Qxg6+ 28. Nxg6 Bd6 29. Ne2 Ne3 30. Ngf4 Nf5 31. Nxh5 Nxh4 32. Nf6+ Kf7 33. Nxd5 Nf3 34. Kc2 Nxg5 35. Ndc3 Ke6 36. Nb5 Bb8 37. Kd3 Nf3 38. Nbc3 Ne1+ 39. Kc4 a6 40. Nc1 Nc2 41. a4 Ne3+ 42. Kd3 Nd5 43. N1e2 Kd6 44. Nxd5 Kxd5 45. Nc3+ Kc6 46. Kc4 Bf4 47. b4 Bh2 48. b5+ axb5+ 49. axb5+ Kd6 50. Nd5 1-0

[Event "Porto San Giorgio op 16th"]
[Site "Porto San Giorgio"]
[Date "2004.08.26"]
[Round "6"]
[White "Di Martino, Antonio"]
[Black "Raineri, Valerio"]
[Result "0-1"]
[WhiteElo "2003"]
[BlackElo "2197"]
[PlyCount "60"]
[EventDate "2004.08.21"]
[EventType "swiss"]
[EventRounds "9"]
[EventCountry "ITA"]
[SourceTitle "CBM 101 Extra"]
[Source "ChessBase"]
[SourceDate "2004.09.01"]
[SourceVersion "2"]
[SourceVersionDate "2004.09.01"]
[SourceQuality "1"]

1. e4 e5 2. Nf3 Nc6 3. Bb5 a6 4. Ba4 Nge7 5. 0-0 d6 6. h3 Bd7 7. c3 Ng6 8. d4 Be7 9. b4 0-0 10. Bc2 Bf6 11. Be3 Nf4 12. Nbd2 g5 13. Nh2 exd4 14. Bxf4 gxf4 15. Qh5 Be5 16. Ndf3 Qf6 17. cxd4 Nxd4 18. Nxd4 Bxd4 19. e5 Qg7 20. Rad1 dxe5 21. Nf3 Bc6 22. Kh2 Rad8 23. g3 Bxf2 24. Rxf2 fxg3+ 25. Kg1 gxf2+ 26. Kxf2 Rxd1 27. Bxd1 Re8 28. Qf5 e4 29. Ng5 Qd4+ 30. Ke1 Qg1+ 0-1

[Event "Porto San Giorgio op 16th"]
[Site "Porto San Giorgio"]
[Date "2004.08.21"]
[Round "1"]
[White "Kohlweyer, Bernd"]
[Black "Di Martino, Antonio"]
[Result "1/2-1/2"]
[WhiteElo "2411"]
[BlackElo "2003"]
[PlyCount "43"]
[EventDate "2004.08.21"]
[EventType "swiss"]
[EventRounds "9"]
[EventCountry "ITA"]
[SourceTitle "CBM 101 Extra"]
[Source "ChessBase"]
[SourceDate "2004.09.01"]
[SourceVersion "2"]
[SourceVersionDate "2004.09.01"]
[SourceQuality "1"]

1. e4 e6 2. d4 d5 3. Nc3 dxe4 4. Nxe4 Nd7 5. Nf3 Be7 6. c3 Ngf6 7. Nxf6+ Nxf6 8. Be3 0-0 9. Bd3 b6 10. 0-0 Bb7 11. Qe2 Qc8 12. Rad1 c5 13. Rfe1 Qc7 14. h3 Rfd8 15. dxc5 Bxc5 16. Bxc5 Qxc5 17. Ba6 Be4 18. Rd4 Rxd4 19. Nxd4 Rd8 20. Qe3 Ba8 21. Bf1 h6 22. a3 1/2-1/2

[Event "Porto Sant Elpidio op-A 5th"]
[Site "Porto Sant Elpidio"]
[Date "2002.11.10"]
[Round "6"]
[White "Di Donatantonio, Franco"]
[Black "Di Martino, Antonio"]
[Result "1-0"]
[WhiteElo "1843"]
[BlackElo "1722"]
[PlyCount "72"]
[EventDate "2002.11.02"]
[EventType "swiss"]
[EventRounds "6"]
[EventCountry "ITA"]
[SourceTitle "EXT 2024"]
[Source "ChessBase"]
[SourceDate "2023.10.10"]
[SourceVersion "1"]
[SourceVersionDate "2023.10.10"]
[SourceQuality "1"]

1. e4 e6 2. d4 d5 3. Nd2 dxe4 4. Nxe4 Nd7 5. Nf3 Be7 6. Bd3 b6 7. Qe2 Bb7 8. Bd2 Ngf6 9. Nxf6+ Nxf6 10. 0-0-0 0-0 11. Kb1 h6 12. Rhg1 Qd5 13. c4 Qd6 14. g4 Nh7 15. g5 Bxf3 16. Bxh7+ Kxh7 17. Qxf3 Bxg5 18. Bxg5 hxg5 19. Rxg5 g6 20. Rdg1 Kg7 21. h4 Qxd4 22. h5 Rad8 23. R5g3 Rh8 24. Rxg6+ Kf8 25. R6g3 Qe5 26. Rg5 Qd4 27. R5g3 Qxc4 28. Rc1 Qd5 29. Rxc7 Qd1+ 30. Qxd1 Rxd1+ 31. Kc2 Rd8 32. Rf3 Rh7 33. Rxa7 Rd5 34. Ra6 Rd6 35. Rc3 Rxh5 36. Rc8+ Kg7 1-0

[Event "Caorle op-B"]
[Site "Caorle"]
[Date "1991.07.08"]
[Round "3.45"]
[White "Fontanesi, Riccardo"]
[Black "Di Martino, Antonio"]
[Result "1-0"]
[WhiteElo "1800"]
[BlackElo "1764"]
[PlyCount "99"]
[EventDate "1991.07.05"]
[EventType "swiss"]
[EventRounds "8"]
[EventCountry "ITA"]
[SourceTitle "EXT 2023"]
[Source "ChessBase"]
[SourceDate "2022.10.05"]
[SourceVersion "1"]
[SourceVersionDate "2022.10.05"]
[SourceQuality "1"]

1. d4 d5 2. c4 e6 3. Nc3 Nf6 4. Bg5 Be7 5. e3 0-0 6. Nf3 Nbd7 7. Qc2 Ne4 8. Bxe7 Qxe7 9. cxd5 Nxc3 10. dxe6 fxe6 11. bxc3 b6 12. Bd3 g6 13. h4 Bb7 14. h5 g5 15. Be4 Bxe4 16. Qxe4 Nf6 17. Qc2 Nd5 18. Rh3 Rac8 19. Rg3 Kh8 20. Nxg5 Rg8 21. Ne4 Rxg3 22. Nxg3 Rg8 23. Qe4 Nxc3 24. Qe5+ Qg7 25. Qxe6 Rf8 26. Rc1 Nb5 27. a4 Nd6 28. h6 Qf7 29. Qe5+ Kg8 30. Qg5+ Kh8 31. Qe5+ Kg8 32. Qg5+ Kh8 33. Qg7+ Qxg7 34. hxg7+ Kxg7 35. Rxc7+ Rf7 36. Rxf7+ Kxf7 37. Kd2 Ke6 38. Kc3 a6 39. e4 Nf7 40. f4 Nd6 41. d5+ Kd7 42. e5 Nb7 43. Ne4 h6 44. f5 Nd8 45. f6 Nb7 46. e6+ Ke8 47. Kd4 Kd8 48. f7 Ke7 49. Nf6 Nd8 50. Ng8+ 1-0

[Event "Secondario 15th"]
[Site "Caorle"]
[Date "1990.07.12"]
[Round "6.44"]
[White "Di Martino, Antonio"]
[Black "Zangrando, Gianpietro"]
[Result "1-0"]
[WhiteElo "1800"]
[BlackElo "1800"]
[PlyCount "133"]
[EventDate "1990.07.07"]
[EventType "swiss"]
[EventRounds "8"]
[EventCountry "ITA"]
[SourceTitle "EXT 2023"]
[Source "ChessBase"]
[SourceDate "2022.10.05"]
[SourceVersion "1"]
[SourceVersionDate "2022.10.05"]
[SourceQuality "1"]

1. e4 e6 2. d4 d5 3. Nd2 Nf6 4. e5 Nfd7 5. f4 c5 6. c3 Nc6 7. Ndf3 Be7 8. Bd3 c4 9. Bc2 b5 10. a3 Nb6 11. Ne2 Bd7 12. 0-0 a5 13. Bd2 b4 14. Qb1 bxa3 15. bxa3 Rb8 16. Qd1 a4 17. g4 Na5 18. Ra2 g6 19. Ng3 Nb3 20. Be1 Qc7 21. f5 Kd8 22. h4 Kc8 23. Ng5 Bxg5 24. hxg5 Qd8 25. f6 h6 26. gxh6 Rxh6 27. g5 Rh3 28. Kg2 Qh8 29. Rh1 Rxh1 30. Nxh1 Kc7 31. Bg3 Qh7 32. Nf2 Rh8 33. Qh1 Qxh1+ 34. Nxh1 Nc1 35. Ra1 Ne2 36. Be1 Nf4+ 37. Kf3 Rxh1 38. Kxf4 Be8 39. Rb1 Rh2 40. Rc1 Rh1 41. Kf3 Kb7 42. Kg2 Rh5 43. Bd2 Ka6 44. Rf1 Na8 45. Bxg6 fxg6 46. f7 Bxf7 47. Rxf7 Kb6 48. Rg7 Nc7 49. Rxg6 Rh7 50. Rf6 Kc6 51. g6 Rh8 52. g7 Rg8 53. Bh6 Ne8 54. Rf7 Nxg7 55. Rxg7 Rb8 56. Rg3 Rb1 57. Bf8 Rd1 58. Bb4 Rd2+ 59. Kf3 Rd1 60. Kg4 Rf1 61. Rf3 Rg1+ 62. Kh5 Rg7 63. Kh6 Ra7 64. Kg6 Ra6 65. Rf7 Ra8 66. Kf6 Re8 67. Re7 1-0

[Event "Secondario 15th"]
[Site "Caorle"]
[Date "1990.07.07"]
[Round "1.16"]
[White "Jeremic, Milan"]
[Black "Di Martino, Antonio"]
[Result "1-0"]
[WhiteElo "2000"]
[BlackElo "1800"]
[PlyCount "81"]
[EventDate "1990.07.07"]
[EventType "swiss"]
[EventRounds "8"]
[EventCountry "ITA"]
[SourceTitle "EXT 2023"]
[Source "ChessBase"]
[SourceDate "2022.10.05"]
[SourceVersion "1"]
[SourceVersionDate "2022.10.05"]
[SourceQuality "1"]

1. d4 d5 2. Nf3 Nf6 3. c4 e6 4. Nc3 Be7 5. Bf4 0-0 6. e3 c6 7. h3 Bd6 8. Bg5 Nbd7 9. cxd5 exd5 10. Bd3 h6 11. Bh4 Qc7 12. Bxf6 Nxf6 13. Rc1 a6 14. 0-0 Be6 15. Na4 Ne4 16. Nc5 Nxc5 17. dxc5 Be7 18. Nd4 Qa5 19. Bb1 Bd7 20. Qh5 Bf6 21. Rfd1 Rae8 22. Rc3 Re5 23. Qf3 Qd8 24. b4 g6 25. Rb3 Bg7 26. a4 Qf6 27. b5 cxb5 28. Qxf6 Bxf6 29. axb5 Rc8 30. bxa6 bxa6 31. Rb6 Kg7 32. c6 Be8 33. Bd3 Re7 34. Bxa6 Bxd4 35. Rb7 Rcc7 36. exd4 Kf6 37. Rxc7 Rxc7 38. Bb5 Bxc6 39. Rc1 Ke7 40. Rxc6 Rb7 41. Rc5 1-0